Collegii salmanticensis FF. discalceatorum D. Mariae de Monte Carmeli Primitivae Observantiae, cursus theologiae moralis tomus quintus... (Record no. 8766)

MARC details
000 -CABECERA
campo de control de longitud fija 00781nam a2200205 a 4500
001 - NÚMERO DE CONTROL
campo de control BRCA_9118
005 - FECHA Y HORA DE LA ÚLTIMA TRANSACCIÓN
campo de control 20190320210527.0
008 - DATOS DE LONGITUD FIJA--INFORMACIÓN GENERAL
campo de control de longitud fija 051017s1734----it-#######---#000-0#lat-#
041 ## - CÓDIGO DE LENGUA
Código de lengua del texto/banda sonora o título independiente lat
044 ## - CÓDIGO DEL PAÍS DE LA ENTIDAD EDITORA/PRODUCTORA
Código MARC del país it
084 ## - OTRO NÚMERO DE CLASIFICACIÓN
Número de clasificación CO15
Número de documento/Ítem .C65 1734
245 10 - MENCIÓN DE TÍTULO
Título Collegii salmanticensis FF. discalceatorum D. Mariae de Monte Carmeli Primitivae Observantiae, cursus theologiae moralis tomus quintus...
Mención de responsabilidad, etc. per R.P.F. Sebastianum a Sancto Joachim..
260 ## - PUBLICACIÓN, DISTRIBUCIÓN, ETC.
Lugar de publicación, distribución, etc. Venettis
Nombre del editor, distribuidor, etc. Apud Nciolaum Pezzana
Fecha de publicación, distribución, etc. 1734
300 ## - DESCRIPCIÓN FÍSICA
Extensión 1 v. (t.5 y 6)
Dimensiones 36 x 25 cm
500 ## - NOTA GENERAL
Nota general Superiorum permissu, ac Privilegio
500 ## - NOTA GENERAL
Nota general Estad físico: presenta encuadernación en pergamino con cantos decorados y presencia del pez de plata
650 14 - PUNTO DE ACCESO ADICIONAL DE MATERIA--TÉRMINO DE MATERIA
Término de materia o nombre geográfico como elemento de entrada Teología
Subdivisión cronológica Siglo XVIII
9 (RLIN) 22234
902 ## - CATALOGADOR
Iniciales CFM
942 ## - ELEMENTOS DE PUNTO DE ACCESO ADICIONAL (KOHA)
Fuente del sistema de clasificación o colocación Library of Congress Classification
Tipo de ítem Koha Libros
Holdings
Estado de retiro Estado de pérdida Estado dañado No para préstamo Localización permanente Ubicación/localización actual Fecha de adquisición Total de préstamos Signatura topográfica completa Código de barras Fecha visto por última vez Precio válido a partir de Tipo de ítem Koha
El ejemplar forma parte de la colección y puede ser consultado según las políticas vigentes.       Biblioteca del Museo Franz Mayer (Rogerio Casas-Alatriste) Biblioteca del Museo Franz Mayer (Rogerio Casas-Alatriste) 05/10/2017   CO15 .C65 1734 CFM00475 22/03/2019 22/03/2019 Libros